| 000 | 01610nam a2200349Ia 4500 | ||
|---|---|---|---|
| 001 | ebr10425418 | ||
| 003 | CaPaEBR | ||
| 006 | m u | ||
| 007 | cr cn||||||||| | ||
| 008 | 100426s2010 ncua sb 001 0 eng d | ||
| 010 | _z 2010015805 | ||
| 020 | _z9780807834329 (cloth : alk. paper) | ||
| 040 |
_aCaPaEBR _cCaPaEBR |
||
| 035 | _a(OCoLC)676697396 | ||
| 050 | 1 | 4 |
_aHD6072.2.U52 _bS574 2010eb |
| 082 | 0 | 4 |
_a331.4/816415 _222 |
| 100 | 1 | _aSharpless, Rebecca. | |
| 245 | 1 | 0 |
_aCooking in other women's kitchens _h[electronic resource] : _bdomestic workers in the South, 1865-1960 / _cRebecca Sharpless. |
| 260 |
_aChapel Hill : _bUniversity of North Carolina Press, _cc2010. |
||
| 300 |
_aaxxix, 273 p. : _bill. |
||
| 490 | 1 | _aThe John Hope Franklin series in African American history and culture | |
| 504 | _aIncludes bibliographical references and index. | ||
| 533 |
_aElectronic reproduction. _bPalo Alto, Calif. : _cebrary, _d2011. _nAvailable via World Wide Web. _nAccess may be limited to ebrary affiliated libraries. |
||
| 650 | 0 |
_aAfrican American women household employees _zSouthern States _xHistory. |
|
| 650 | 0 |
_aWomen cooks _zSouthern States _xSocial conditions. |
|
| 650 | 0 |
_aAfrican American women _zSouthern States _xSocial conditions. |
|
| 651 | 0 |
_aSouthern States _xRace relations _xHistory. |
|
| 655 | 7 |
_aElectronic books. _2local |
|
| 710 | 2 | _aebrary, Inc. | |
| 830 | 0 | _aJohn Hope Franklin series in African American history and culture. | |
| 856 | 4 | 0 |
_uhttp://site.ebrary.com/lib/rucke/Doc?id=10425418 _zAn electronic book accessible through the World Wide Web; click to view |
| 999 |
_c238669 _d238669 |
||